000 00411nam a2200157Ia 4500
003 LK-CoDNM
008 010623t1929 xxu||||| |||| 00| 1 eng d
040 _aLK-CoDNM
_dLK-CoDNM
_eLK-CoDNM
041 _aeng
080 _a6 K.10.2
100 _aD'oyiy, John
245 _aA Sketch of the Constitution of the Kandyan Kingdom
260 _bH. Ross
_aCottle
_aColombo
_c1929
300 _b158p., 25 cm
942 _cBK
999 _c94647
_d94647